00429nam a2200145Ia 4500008004100000041000900041082001800050100002500068245002600093260003600119300000800155650000800163999001700171952009500188230718s9999 xx 000 0 und d aEng. a338.73bCHA-P aChaudhy • Pin S.A. 0aPartnership Ace/ 1932 aPakistanbImkan law housec2008 a168 aLaw c28934d28934 00104070aSIRC-LbSIRC-Ld2023-07-18l0o338.73 CHA-Pp23885r2023-07-18w2023-07-18yBK